Dosah geopolitických zmien na zahranično-obchodné vzťahy medzi EÚ a RF bakalárska práca

Guardado en:
Detalles Bibliográficos
Autor principal: Stano, Róbert
Autor Corporativo: Obchodná fakulta EU. Katedra medzinárodného obchodu
Otros Autores: Peštová, Viktória, 1995-
Formato: Libro
Lenguaje:eslovaco
Publicado: Bratislava 2024
Etiquetas: Agregar Etiqueta
Sin Etiquetas, Sea el primero en etiquetar este registro!

MARC

LEADER 00000nbm a2200000 4500
001 0302511
005 20250110140714.8
041 0 |a slo 
044 |a SK 
245 1 0 |a Dosah geopolitických zmien na zahranično-obchodné vzťahy medzi EÚ a RF  |b bakalárska práca  |c Róbert Stano ; školiteľ: Viktória Peštová 
264 1 |a Bratislava  |c 2024 
300 |a 54 s. 
100 1 |a Stano, Róbert 
700 1 |a Peštová, Viktória, 1995- 
710 2 |a Obchodná fakulta EU. Katedra medzinárodného obchodu